Valtiot, joissa samaa sukupuolta olevien avioliitto on laillistettu - Statistics

Yleistilastot
  • Tätä visaa on pelattu 2 266 kertaa
    853 viimeisimmän päivityksen jälkeen
  • Keskiarvotulos 28 / 39
Vastaustilastot
Vuosi Valtio % Oikein
2017 Suomi
100%
2009 Norja
98%
2009 Ruotsi
98%
2015 Yhdysvallat
96%
2017 Saksa
95%
2005 Espanja
94%
2005 Kanada
93%
2013 Ranska
92%
2024 Viro
92%
2010 Islanti
90%
2012 Tanska
90%
2001 Alankomaat
87%
2010 Portugali
86%
2003 Belgia
85%
2017 Australia
83%
2022 Sveitsi
83%
2020 Yhdistynyt kuningaskunta
83%
2013 Brasilia
80%
2015 Irlanti
79%
2019 Itävalta
79%
2024 Kreikka
79%
2022 Meksiko
78%
2015 Luxemburg
76%
2013 Uusi-Seelanti
76%
2010 Argentiina
74%
2022 Chile
66%
2025 Liechtenstein
64%
2022 Slovenia
62%
2023 Andorra
61%
2016 Kolumbia
58%
2017 Malta
56%
2006 Etelä-Afrikka
52%
2025 Thaimaa
49%
2013 Uruguay
49%
2019 Ecuador
42%
2022 Kuuba
42%
2019 Taiwan
33%
2020 Costa Rica
26%
2023 Nepal
16%
Ehtoja vastaavia visoja ei löytynyt
Tulosjakauma
Jokaisen tuloksen saaneiden osuus
Persentiili vastausten määrän mukaan
Tuloshistoriasi
Et ole pelannut tätä visaa sen viimeisimmän päivityksen jälkeen